000 01052cam a2200313 a 4500
001 17344884
005 20170105102846.0
008 120613s2013 nyua b 001 0 eng
010 _a 2012024156
020 _a9780415884716 (hbk)
020 _a9780415884723 (pbk.)
020 _a9780203840979 (ebk)
040 _aDLC
_cDLC
_dDLC
042 _apcc
043 _an-us---
050 0 0 _aKF386
_b.J68 2013
082 0 0 _a349.73
_223
245 0 4 _aThe journalist's guide to American law /
_cJohn T. Nockleby ... [et al.].
260 _aNew York :
_bRoutledge,
_c2013.
300 _axv, 364 p. :
_bill. ;
_c24 cm.
504 _aIncludes bibliographical references and index.
650 0 _aLaw
_zUnited States.
650 0 _aJournalists
_zUnited States
_vHandbooks, manuals, etc.
650 0 _aJournalists
_xLegal status, laws, etc.
_zUnited States.
700 1 _aNockleby, John T.
906 _a7
_bcbc
_corignew
_d1
_eecip
_f20
_gy-gencatlg
942 _2ddc
_cBK
999 _c14084
_d14084